Ética / Gregorio R. de Yurre (Registro nro. 32467)
[ vista simple ]
| 000 -LÍDER | |
|---|---|
| Campo fijo de descripción fija | 009390000a22002050004500 |
| 041 0# - CÓDIGO DE IDIOMA | |
| Código de idioma para texto/pista de sonido o título separado | |
| 082 04 - NÚMERO DE CLASIFICACIÓN DECIMAL DEWEY | |
| Número de clasificación | G 170 Y958e |
| 001 - NÚMERO DE CONTROL | |
| Campo de control | 1130 |
| 100 1# - ASIENTO PRINCIPAL--NOMBRE PERSONAL | |
| Nombre personal | Yurre, Gregorio R. de |
| 245 10 - TÍTULO | |
| Título del Material | Ética / Gregorio R. de Yurre |
| 250 ## - MENCIÓN DE EDICIÓN | |
| Mención de edición | 2 |
| 260 ## - PUBLICACIÓN, DISTRIBUCIÓN, ETC. (PIE DE IMPRENTA) | |
| Lugar de publicación, distribución, etc. | Vitoria, España : ESET |
| 300 ## - DESCRIPCIÓN FÍSICA | |
| Extensión | 634 Pag. |
| 336 ## - CONTENT TYPE | |
| Content type term | texto |
| Content type code | txt |
| Source | rdacontent |
| 337 ## - MEDIA TYPE | |
| Source | rdamedia |
| Media type term | sin mediación |
| Media type code | n |
| 338 ## - CARRIER TYPE | |
| Source | rdacarrier |
| Carrier type term | volumen |
| Carrier type code | nc |
| 505 00 - NOTA DE CONTENIDO | |
| Nota de contenido con formato preestablecido | propedéutica -- teoría general -- la vida virtuosa -- el objeto de la ética -- situación de la ética -- la norma subjetiva: la conciencia -- la norma objetiva: la naturaleza -- exigencias de la naturaleza: la ley natural -- la norma moral fuera de la escolástica -- las virtudes -- naturaleza del derecho -- la moral personal -- la virtud de la verdad -- la moral interpersonal -- la moral de la propiedad -- la virtud del trabajo -- ética y alienación espiritual |
| 650 14 - ASIENTO SECUNDARIO DE MATERIA - TERMINO TEMÁTICO | |
| Término temático o nombre geográfico como elemento de entrada | ETICA |
| 942 ## - TIPO DE MATERIAL (KOHA) | |
| Tipo de Item KOHA | Libros General |
| Estado de Material | Estado de Perdido | Estado de Dañado | No para Préstamo | Colección | Tomo | Biblioteca de Origen | Biblioteca Permanente | Fecha de Adquisición | Total de Préstamos | Signatura Topográfica | Código de Barras | Última vez visto | Ejemplar/Existencia | Fecha de Remplazo | Tipo de Material |
|---|---|---|---|---|---|---|---|---|---|---|---|---|---|---|---|
| Colección General | Biblioteca FUSBC | Biblioteca FUSBC | 06/10/2004 | G 170 Y958e | 579 | 12/12/2019 | 1 | 26/01/2016 | Libros General |
